| 000 | 00480cam a2200181ua 4500 | ||
|---|---|---|---|
| 020 | _c$12.50 | ||
| 041 |
_aeng _h |
||
| 082 |
_a336 _bMUS/TH |
||
| 100 | _aMusgrave, Richard A. | ||
| 245 |
_aTheory of public finance : A study in public finance / _cRichard A Musgrave. _hTextual Documents |
||
| 250 |
_a1 / _b. |
||
| 260 |
_aNew York : _bMc Graw Hill Book Company , _c1959. |
||
| 300 | _a628 ; . | ||
| 365 | _a$12.50 | ||
| 504 | _a | ||
| 942 | _cBK | ||
| 999 |
_c265 _d265 |
||